|
|
|
|
| LEADER |
00000nam0a2200000 4500 |
| 001 |
673578 |
| 005 |
20240705110830.0 |
| 090 |
|
|
|a 673578
|
| 100 |
|
|
|a 20240705d1978 k||y0rusy50 ca
|
| 101 |
0 |
|
|a rus
|
| 102 |
|
|
|a AM
|
| 105 |
|
|
|a y z 001yy
|
| 181 |
|
0 |
|a i
|b e
|
| 182 |
|
0 |
|a n
|
| 183 |
|
0 |
|a nc
|2 RDAcarrier
|
| 200 |
1 |
|
|a Симметрическая конструктивная логика
|f И. Д. Заславский
|g Вычислительный центр АН Армянской ССР
|
| 203 |
|
|
|a Текст
|b визуальный
|c непосредственный
|
| 210 |
|
|
|a Ереван
|c Изд-во АН Армянской ССР
|d 1978
|
| 215 |
|
|
|a 282 с.
|
| 283 |
|
|
|a volume
|2 RDAcarrier
|
| 320 |
|
|
|a Литература: с. 272-279
|
| 320 |
|
|
|a Указатель формул и соотношений: с. 280
|
| 606 |
1 |
|
|a Математическая логика
|9 61013
|
| 610 |
1 |
|
|a конструктивная логика
|
| 610 |
1 |
|
|a предикаты
|
| 610 |
1 |
|
|a исчисление
|
| 610 |
1 |
|
|a формальная арифметика
|
| 610 |
1 |
|
|a конструктивные логические системы
|
| 610 |
1 |
|
|a конструктивная истинность
|
| 610 |
1 |
|
|a ложность суждений
|
| 675 |
|
|
|a 510.6
|v 4
|
| 700 |
|
1 |
|a Заславский
|b И. Д.
|g Игорь Дмитриевич
|
| 712 |
0 |
2 |
|a Академия наук Армянской ССР
|c (Ереван)
|c (1943-1991)
|4 570
|9 24049
|b Вычислительный центр
|
| 801 |
|
0 |
|a RU
|b 63413507
|c 20240705
|
| 830 |
|
|
|a Ретро2024Каталогизация Шило
|
| 850 |
|
|
|a 63413507
|
| 942 |
|
|
|c BK
|